Score 0/30 Timer 05:00
6 Plays Today
% Correct
lemonade
95.8%
peas
95.1%
tea
95%
candy
94.1%
salt
94%
bread
93.7%
milk
93.7%
sardines
93.5%
cookie
93.3%
cucumber
93.2%
soup
93.2%
sugar
93.1%
eggs
93%
pancake
92.8%
fish
92.4%
% Correct
cream
92%
pie
91.6%
beans
91.3%
cake
91.1%
bananas
90.9%
nut
90.7%
liver
90.7%
hotcakes
90.4%
oranges
90.1%
potato
89.6%
molasses
89.1%
bacon
88.4%
coffee
86.9%
apple
86.7%
grapes
84.2%
Remove Ads.
Support Sporcle.
Get the best of Sporcle when you Go Orange. This ad-free experience offers more features, more stats, and more fun while also helping to support Sporcle. Thank you for becoming a member.

You're not logged in!

Compare scores with friends on all Sporcle quizzes.
OR
Log In

Show Comments

Extras

Top Quizzes Today


Score Distribution

Your Account Isn't Verified!

In order to create a playlist on Sporcle, you need to verify the email address you used during registration. Go to your Sporcle Settings to finish the process.

Report this User

Report this user for behavior that violates our Community Guidelines.

Details: